| 000 | 00799nam a22002417a 4500 | ||
|---|---|---|---|
| 999 |
_c3983 _d3983 |
||
| 003 | AR-CdUCM | ||
| 008 | 190307b ||||| |||| 00| 0 spa d | ||
| 040 |
_aMUNICIPALIDAD PROVINCIAL DEL CUSCO _cBIBLIOTECA MUNICIPAL DEL CUSCO |
||
| 082 |
_a891.36 / _bT68 |
||
| 100 |
_aTolstoi, Leon _99772 |
||
| 245 | _aLa Muerte de Ivan Ilich, El Diablo, El Padre Sergio / | ||
| 260 |
_aMadrid : _bSalvat Editores, _c1969. |
||
| 300 |
_a188 paginas ; _c18cm. |
||
| 440 |
_aBiblioteca Clasica Universal _n36 _912726 |
||
| 500 | _aTraducción de: Smiert Ivana Ilichá y Jolstomer, istoria ióshadi | ||
| 650 |
_aNovelas Españolas _99372 |
||
| 650 |
_aSiglo XIX _9971 |
||
| 650 |
_aLiteratura _983 |
||
| 650 |
_aHyspano _99880 |
||
| 700 |
_aDiaz Plaja, Guillermo _92681 |
||
| 942 |
_2ddc _cLIBROS |
||
| 945 | _apjha | ||